000 00474nam a2200133Ia 4500
003 GCL
008 140319s9999 xx 000 0 ara d
040 _aGCL /
_cGCL
082 0 4 _a301.24
_bع ت
245 1 0 _aالتفسير الاجتماعى عند مالك بن نبى منظور تربوى لقضايا التغير فى المجتمع المسلم المعاصر
260 _a[S.N] :
_bالزهراء للاعلام العربى ،
_c1989
300 _a33 ص
490 _a
999 _c34874
_d34874